| 000 | 00830nam a22002177a 4500 | ||
|---|---|---|---|
| 008 | 081128t xxu||||| |||| 00| 0 eng d | ||
| 010 | _aENG-93003 | ||
| 020 |
_c90.00 _a9788190715287 |
||
| 035 | _aEN-76536 | ||
| 037 | _bDBAD / PUB | ||
| 040 |
_adpl _bEnglish |
||
| 082 | _a658.1511 | ||
| 100 | _aSelvakumar, A. Xavior | ||
| 245 |
_aManagement accounting / _cby A. Xavior Selvakumar |
||
| 260 |
_bVizhichudar Pathippagam _c2008 _aChennai |
||
| 270 |
_a38, Bharathi Nagar, Muthanmai Salai, Kolathur _bChennai _e600099 |
||
| 300 |
_a122p. _c22cm (pbk) |
||
| 650 | _aManagerial accounting. | ||
| 942 |
_2ddc _cEN _mSEL _h658.1511 |
||
| 999 |
_c24045 _d24045 |
||